| 000 | 00550cam a2200205ua 4500 | ||
|---|---|---|---|
| 001 | 6762 | ||
| 008 | 140305n ii |||gr||||Z||||||eng | ||
| 020 | _a0 273 01764 0 | ||
| 040 | _cMAIN | ||
| 082 | _a657.45 | ||
| 245 |
_aAuditing principles and practice _cBy F clive de paula |
||
| 250 | _a16th ed. | ||
| 260 |
_aLondon: _bPitman books limited, _c1982. |
||
| 300 | _ax,411p. | ||
| 653 | _aAccounting | ||
| 653 | _aAuditing principles and practice | ||
| 700 |
_aPaula,F clive de, _eAuthor., |
||
| 700 |
_aAttwood,Frank A., _eAuthor. |
||
| 942 | _cBK | ||
| 999 |
_c5910 _d5910 |
||